[Event "41st North Shore Open-A"]
[Site "Devonport"]
[Date "2014.09.06"]
[Round "1.1"]
[White "McCrone, Jeffrey"]
[Black "Wang, Puchen"]
[Result "0-1"]
[WhiteElo "2073"]
[BlackElo "2456"]
[PlyCount "100"]
[EventDate "2014.09.06"]
[EventType "swiss"]
[EventRounds "5"]
[EventCountry "NZL"]
[SourceDate "2014.09.06"]

1. e4 e6 2. d4 d5 3. exd5 exd5 4. Bd3 Nc6 5. c3 Bd6 6. Nf3 Nge7 7. Bg5 Bg4 8.
Nbd2 Qd7 9. b4 f6 10. Bh4 Ng6 11. Qc2 O-O-O 12. O-O Nf4 13. Bg3 Ne7 14. Rfe1
Kb8 15. a4 Neg6 16. Bf1 h5 17. h3 Bf5 18. Qb3 h4 19. Bh2 Nd3 20. Bxd3 Bxd3 21.
c4 Bxh2+ 22. Kxh2 dxc4 23. Nxc4 Nf4 24. Rad1 Bf5 25. Ng1 g5 26. Ne3 Be6 27. d5
Nxd5 28. Nxd5 Bxd5 29. Qc3 Qd6+ 30. Kh1 c6 31. f3 Rhe8 32. a5 a6 33. Ne2 f5 34.
Nd4 Qf4 35. Qd3 g4 36. Ne2 Qg5 37. hxg4 fxg4 38. f4 Bxg2+ 39. Kxg2 Rxd3 40.
fxg5 Rxd1 41. Rxd1 Rxe2+ 42. Kf1 Re5 43. Rd8+ Kc7 44. Rg8 g3 45. Rh8 Rxg5 46.
Rxh4 c5 47. Rh7+ Kb8 48. bxc5 Rxc5 49. Kg2 Rxa5 50. Kxg3 Rf5 0-1

[Event "41st North Shore Open-A"]
[Site "Devonport"]
[Date "2014.09.06"]
[Round "1.2"]
[White "Hague, Ben"]
[Black "Ang, Alphaeus Wei Ern"]
[Result "1-0"]
[WhiteElo "2451"]
[BlackElo "2060"]
[PlyCount "117"]
[EventDate "2014.09.06"]
[EventType "swiss"]
[EventRounds "5"]
[EventCountry "NZL"]
[SourceDate "2014.09.06"]

1. e4 Nc6 2. Nf3 d5 3. exd5 Qxd5 4. Nc3 Qd6 5. Bc4 a6 6. O-O Nf6 7. h3 b5 8.
Bb3 Na5 9. Qe2 Nxb3 10. axb3 Bb7 11. Ne5 Nd7 12. Nxd7 Qxd7 13. d3 e6 14. Ne4
Qc6 15. f4 Be7 16. f5 O-O-O 17. Be3 Kb8 18. fxe6 Qxe6 19. Qf2 f6 20. Rfe1 Bxe4
21. Ba7+ Kb7 22. Rxe4 Qd7 23. Rae1 Bd6 24. Bc5 Rhe8 25. Bxd6 cxd6 26. Qe3 Rxe4
27. Qxe4+ Kb8 28. Qxh7 Qa7+ 29. Kf1 d5 30. c3 Qc7 31. Qh4 g5 32. Qd4 Qd6 33.
Re3 a5 34. Rf3 Rf8 35. Rf5 Re8 36. Rxf6 Re6 37. Rf7 Re1+ 38. Kxe1 Qe6+ 39. Kd2
Qxf7 40. Qb6+ Kc8 41. Qc6+ Kb8 42. Qxb5+ Kc8 43. Qa6+ Kb8 44. Qd6+ Ka8 45. Qd8+
Kb7 46. Qxg5 Qf2+ 47. Kc1 d4 48. Qd5+ Kb8 49. cxd4 Qe1+ 50. Kc2 Qe2+ 51. Kb1
Qxd3+ 52. Ka2 Qd2 53. g4 Qb4 54. g5 a4 55. g6 a3 56. g7 axb2 57. g8=Q+ Ka7 58.
Qga8+ Kb6 59. Qdc6# 1-0

[Event "41st North Shore Open-A"]
[Site "Devonport"]
[Date "2014.09.06"]
[Round "1.3"]
[White "Milligan, Helen"]
[Black "Garbett, Paul A"]
[Result "0-1"]
[WhiteElo "2048"]
[BlackElo "2362"]
[PlyCount "76"]
[EventDate "2014.09.06"]
[EventType "swiss"]
[EventRounds "5"]
[EventCountry "NZL"]
[SourceDate "2014.09.06"]

1. e4 c5 2. Nf3 e6 3. d4 cxd4 4. Nxd4 Nf6 5. Bd3 Qb6 6. Nb3 Nc6 7. Be3 Qc7 8.
f4 d6 9. Nc3 a6 10. a4 b6 11. O-O Be7 12. Qf3 O-O 13. Rae1 Nb4 14. Nd2 Rb8 15.
g4 d5 16. e5 Nd7 17. Qh3 Nxd3 18. cxd3 Nc5 19. Bd4 b5 20. axb5 axb5 21. f5 b4
22. f6 bxc3 23. fxe7 Qxe7 24. bxc3 Ba6 25. c4 Nb3 26. Nxb3 Rxb3 27. Re3 Qb4 28.
Rd1 Rb1 29. Qf3 dxc4 30. dxc4 Bxc4 31. Bc3 Qb3 32. Rxb1 Qxb1+ 33. Re1 Qb3 34.
Qe3 Rd8 35. Bd4 Qb5 36. Ra1 Bd5 37. Rc1 Bb7 38. Bb6 Qd5 0-1

[Event "41st North Shore Open-A"]
[Site "Devonport"]
[Date "2014.09.06"]
[Round "1.4"]
[White "McLaren, Leonard J"]
[Black "Runcan, Daniel I"]
[Result "1-0"]
[WhiteElo "2317"]
[BlackElo "2046"]
[PlyCount "73"]
[EventDate "2014.09.06"]
[EventType "swiss"]
[EventRounds "5"]
[EventCountry "NZL"]
[SourceDate "2014.09.06"]

1. e4 c5 2. d4 cxd4 3. c3 d6 4. cxd4 Nf6 5. Nc3 a6 6. Nf3 g6 7. Be2 Bg7 8. O-O
O-O 9. h3 Nc6 10. Bg5 h6 11. Be3 b5 12. d5 Na5 13. b4 Nc4 14. Bxc4 bxc4 15. Nd4
e6 16. Rc1 Qd7 17. Qe2 exd5 18. Nxd5 Nxd5 19. exd5 Qa4 20. Rxc4 Qd7 21. Rfc1
Re8 22. Qd2 h5 23. Bg5 Re4 24. Be3 Qd8 25. Ne6 Rxe6 26. dxe6 Bxe6 27. Rc6 d5
28. Bd4 Qh4 29. Bxg7 Kxg7 30. Rd1 Rb8 31. Qd4+ Qxd4 32. Rxd4 a5 33. bxa5 Rb1+
34. Kh2 Rb2 35. a4 Rxf2 36. a6 g5 37. a7 1-0

[Event "41st North Shore Open-A"]
[Site "Devonport"]
[Date "2014.09.06"]
[Round "1.5"]
[White "Macdonald, Paul"]
[Black "Steadman, Michael VR"]
[Result "0-1"]
[WhiteElo "1977"]
[BlackElo "2294"]
[PlyCount "64"]
[EventDate "2014.09.06"]
[EventType "swiss"]
[EventRounds "5"]
[EventCountry "NZL"]
[SourceDate "2014.09.06"]

1. d4 Nf6 2. c4 c5 3. Nc3 e6 4. d5 exd5 5. cxd5 d6 6. e4 g6 7. f4 Bg7 8. Nf3
O-O 9. Be2 Re8 10. e5 dxe5 11. fxe5 Ng4 12. e6 fxe6 13. d6 Bd7 14. Ng5 Ne5 15.
O-O Nbc6 16. Nge4 Nf7 17. Rxf7 Kxf7 18. Bg5 Qb6 19. Qf1+ Kg8 20. Nf6+ Bxf6 21.
Bxf6 Rf8 22. Ne4 Nd4 23. Bc4 Qc6 24. Qf4 b5 25. Qh6 Nf5 26. Qf4 bxc4 27. g4 Rf7
28. Be5 Raf8 29. Re1 Nd4 30. Bf6 Qd5 31. Re3 e5 32. Qg5 Qxe4 0-1

[Event "41st North Shore Open-A"]
[Site "Devonport"]
[Date "2014.09.06"]
[Round "1.6"]
[White "Hart, Ralph"]
[Black "Zhang, William Jiewen"]
[Result "0-1"]
[WhiteElo "2283"]
[BlackElo "1961"]
[PlyCount "86"]
[EventDate "2014.09.06"]
[EventType "swiss"]
[EventRounds "5"]
[EventCountry "NZL"]
[SourceDate "2014.09.06"]

1. d4 e6 2. c4 f5 3. g3 Nf6 4. Bg2 Be7 5. Nc3 O-O 6. Nh3 d6 7. O-O e5 8. e3 Qe8
9. f4 e4 10. b4 c6 11. d5 Na6 12. Rb1 Nc7 13. Qb3 Kh8 14. Rd1 Bd7 15. Nf2 cxd5
16. cxd5 Nb5 17. Ne2 Rc8 18. Bd2 Nc7 19. Nc3 Nb5 20. Ne2 Nc7 21. Nc3 Nb5 22.
Ne2 Nc7 23. Nc3 Nb5 24. Rbc1 Nxc3 25. Rxc3 Rxc3 26. Qxc3 Nxd5 27. Qd4 Nb6 28.
g4 d5 29. g5 Qf7 30. Rc1 Nc4 31. Rxc4 dxc4 32. Qxd7 Rd8 33. Qxb7 Rxd2 34. Bf1
c3 35. Qc8+ Qf8 36. Qxc3 Bxb4 37. Qb3 Qd6 38. Qf7 Bc5 39. Qb3 Bb6 40. Bb5 Rxf2
41. Qf7 Qd1+ 42. Kxf2 Qf3+ 43. Ke1 Ba5# 0-1

[Event "41st North Shore Open-A"]
[Site "Devonport"]
[Date "2014.09.06"]
[Round "1.7"]
[White "Rivas Villanueva, Andrea"]
[Black "Duneas, John"]
[Result "1/2-1/2"]
[WhiteElo "1938"]
[BlackElo "2194"]
[PlyCount "169"]
[EventDate "2014.09.06"]
[EventType "swiss"]
[EventRounds "5"]
[EventCountry "NZL"]
[SourceDate "2014.09.06"]

1. e4 e6 2. d3 d5 3. Nd2 c5 4. c3 Nc6 5. Ngf3 Nf6 6. g3 Be7 7. Bg2 O-O 8. O-O
b6 9. e5 Nd7 10. Re1 Qc7 11. Qe2 Ba6 12. Nf1 Rae8 13. Bf4 b5 14. h4 b4 15. h5
Qa5 16. Qc2 bxc3 17. bxc3 Rb8 18. N1h2 Qb5 19. Bc1 Qxd3 20. Qa4 Bb5 21. Qg4 Qf5
22. Qxf5 exf5 23. e6 fxe6 24. Rxe6 Kf7 25. Re1 Nb6 26. Bf4 Rbc8 27. Ne5+ Nxe5
28. Rxe5 Bf6 29. Bxd5+ Nxd5 30. Rxd5 Rfd8 31. Rad1 Rxd5 32. Rxd5 Bxc3 33. Be3
Ke6 34. Rxc5 Rxc5 35. Bxc5 a5 36. Nf3 Kd5 37. Bf8 Be2 38. Kg2 h6 39. Nh4 Ke6
40. f3 Bb4 41. Bxg7 Bc4 42. Bxh6 Bxa2 43. Bg7 Bb1 44. g4 fxg4 45. fxg4 a4 46.
Kf3 a3 47. h6 Kf7 48. Nf5 Kg6 49. Kf4 Bd2+ 50. Ne3 Bc1 51. Kf3 Bd3 52. Nd1 Bxh6
53. Ba1 Bc1 54. Bd4 Bc2 55. Ke2 Be4 56. Nc3 Bc6 57. Na2 Bf4 58. Bc5 Bd5 59.
Bxa3 Bxa2 60. Kf3 Bd2 61. Bc5 Bd5+ 62. Kg3 Be1+ 63. Kf4 Bh4 64. Bd4 Bg5+ 65.
Kg3 Be7 66. Bc3 Bd6+ 67. Kh4 Bf4 68. Bd4 Bf3 69. Bc5 Bd2 70. Be7 Be1+ 71. Kh3
Bf2 72. Bh4 Be3 73. Kg3 Be2 74. Bd8 Kf7 75. Kh4 Ke6 76. g5 Kf5 77. Kg3 Bd4 78.
Be7 Bc3 79. Kf2 Bc4 80. Ke3 Be5 81. Bd8 Ke6 82. Ke4 Bd5+ 83. Ke3 Kf5 84. Bf6
Bd6 85. Kd4 1/2-1/2

[Event "41st North Shore Open-A"]
[Site "Devonport"]
[Date "2014.09.06"]
[Round "1.8"]
[White "Browne, Jeremy A"]
[Black "Hair, Philip I"]
[Result "1/2-1/2"]
[WhiteElo "2130"]
[BlackElo "1926"]
[PlyCount "94"]
[EventDate "2014.09.06"]
[EventType "swiss"]
[EventRounds "5"]
[EventCountry "NZL"]
[SourceDate "2014.09.06"]

1. e4 e6 2. d4 d5 3. Nc3 dxe4 4. Nxe4 Bd7 5. Nf3 Bc6 6. Bd3 Nd7 7. Qe2 Ngf6 8.
Bg5 Be7 9. O-O-O Nxe4 10. Bxe7 Nc3 11. Bxd8 Nxe2+ 12. Bxe2 Rxd8 13. h4 Nf6 14.
c3 Ne4 15. Rdf1 f6 16. Rhg1 g6 17. Bc4 Bd5 18. Bxd5 exd5 19. Re1 O-O 20. Re2
Kf7 21. Ne1 Rfe8 22. Nd3 c6 23. g4 h6 24. Kc2 Nd6 25. Rge1 Rxe2+ 26. Rxe2 Re8
27. Rxe8 Kxe8 28. b3 g5 29. hxg5 hxg5 30. a4 Ke7 31. f3 b6 32. Nb4 Kd7 33. Kd3
f5 34. c4 a5 35. Nc2 fxg4 36. fxg4 Ne4 37. Ke3 Kd6 38. Ne1 Nc3 39. Nf3 Ne4 40.
Ne5 c5 41. Nf7+ Kc6 42. cxd5+ Kxd5 43. dxc5 Nxc5 44. Nxg5 Nxb3 45. Ne4 Ke5 46.
g5 Nd4 47. Kd3 Ne6 1/2-1/2

[Event "41st North Shore Open-A"]
[Site "Devonport"]
[Date "2014.09.06"]
[Round "1.9"]
[White "Johns, Daniel P"]
[Black "Krstev, Antonio"]
[Result "1-0"]
[WhiteElo "1923"]
[BlackElo "2130"]
[PlyCount "73"]
[EventDate "2014.09.06"]
[EventType "swiss"]
[EventRounds "5"]
[EventCountry "NZL"]
[SourceDate "2014.09.06"]

1. e4 d6 2. d4 Nf6 3. Nc3 g6 4. f4 Bg7 5. Nf3 O-O 6. Bd3 c6 7. O-O b5 8. e5
dxe5 9. dxe5 Qb6+ 10. Kh1 Ng4 11. Qe2 a5 12. Ne4 Na6 13. c3 Bf5 14. Nd4 Nh6 15.
Be3 Qc7 16. Ng5 Bxd3 17. Qxd3 e6 18. Qe4 Rac8 19. c4 b4 20. b3 Rfd8 21. Rad1
Nc5 22. Qc2 Qe7 23. Ndf3 Nf5 24. Bf2 h5 25. Nh4 Nh6 26. Nxg6 fxg6 27. Qxg6 Nb7
28. Nxe6 Rxd1 29. Rxd1 Nd8 30. Ng5 Ndf7 31. Qh7+ Kf8 32. Bc5 Qxc5 33. Ne6+ Ke8
34. Nxc5 Bf8 35. Ne6 Ng4 36. Rd2 Ngh6 37. Qd3 1-0

[Event "41st North Shore Open-A"]
[Site "Devonport"]
[Date "2014.09.06"]
[Round "1.10"]
[White "Huang, Alex"]
[Black "Fan, Allen Chi Zhou"]
[Result "1-0"]
[WhiteElo "2107"]
[BlackElo "1879"]
[PlyCount "69"]
[EventDate "2014.09.06"]
[EventType "swiss"]
[EventRounds "5"]
[EventCountry "NZL"]
[SourceDate "2014.09.06"]

1. e4 Nf6 2. e5 Nd5 3. d4 d6 4. c4 Nb6 5. exd6 exd6 6. Nc3 Bf5 7. Be3 Nc6 8.
Nf3 Be7 9. Be2 Bf6 10. O-O O-O 11. Rc1 a5 12. b3 Ne7 13. a3 Re8 14. Qd2 h6 15.
Rfd1 Bh7 16. Bd3 c6 17. Bxh7+ Kxh7 18. Qd3+ Kh8 19. Ne4 Nf5 20. Bf4 g5 21. Ng3
Nxg3 22. Bxg3 Bg7 23. Qf5 Re7 24. h4 f6 25. Re1 Rd7 26. Re6 Nc8 27. Rce1 Ne7
28. Qh3 d5 29. hxg5 fxg5 30. Nxg5 Kg8 31. Nf3 dxc4 32. Be5 Qf8 33. Bxg7 Qxg7
34. bxc4 Rf8 35. R1e4 1-0

[Event "41st North Shore Open-A"]
[Site "Devonport"]
[Date "2014.09.06"]
[Round "1.11"]
[White "Lyall, Simon"]
[Black "Zhang, Leo"]
[Result "0-1"]
[WhiteElo "1841"]
[BlackElo "2077"]
[PlyCount "50"]
[EventDate "2014.09.06"]
[EventType "swiss"]
[EventRounds "5"]
[EventCountry "NZL"]
[SourceDate "2014.09.06"]

1. e4 c5 2. c3 d5 3. exd5 Qxd5 4. d4 Nf6 5. Nf3 Bg4 6. dxc5 Qxc5 7. h3 Bh5 8.
Be3 Qc7 9. Qa4+ Nbd7 10. Nbd2 e6 11. O-O-O Be7 12. Bf4 Qc8 13. g4 Bg6 14. Ne5
O-O 15. Nxg6 hxg6 16. Bg2 Nb6 17. Qb5 Nfd5 18. Be5 Rd8 19. h4 f6 20. Bd4 Nf4
21. Bxb6 axb6 22. Be4 Rxa2 23. Bb1 Qxc3+ 24. bxc3 Ne2+ 25. Qxe2 Ba3# 0-1

[Event "41st North Shore Open-A"]
[Site "Devonport"]
[Date "2014.09.06"]
[Round "2.1"]
[White "Wang, Puchen"]
[Black "Huang, Alex"]
[Result "1-0"]
[WhiteElo "2456"]
[BlackElo "2107"]
[PlyCount "69"]
[EventDate "2014.09.06"]
[EventType "swiss"]
[EventRounds "5"]
[EventCountry "NZL"]
[SourceDate "2014.09.06"]

1. d4 Nf6 2. c4 c5 3. d5 b5 4. cxb5 a6 5. f3 Bb7 6. e4 e6 7. Nc3 Qb6 8. Nh3 Be7
9. Na4 Qa5+ 10. Bd2 Qc7 11. b6 Qd8 12. dxe6 fxe6 13. Be2 d5 14. Nf4 Qd6 15. Nd3
Nbd7 16. e5 Nxe5 17. Ndxc5 Bc6 18. Be3 a5 19. O-O O-O 20. Rc1 Ned7 21. Qd2 Bxa4
22. Nxa4 e5 23. b7 Rab8 24. Qxa5 d4 25. Bf2 Rxb7 26. Qa6 Qxa6 27. Bxa6 Ra7 28.
Bc4+ Kh8 29. b3 Ba3 30. Rc2 Rb8 31. Nb2 Rc8 32. Nd3 Ra5 33. Re1 Bd6 34. Rce2
Re8 35. Bxd4 1-0

[Event "41st North Shore Open-A"]
[Site "Devonport"]
[Date "2014.09.06"]
[Round "2.2"]
[White "Steadman, Michael VR"]
[Black "Hague, Ben"]
[Result "0-1"]
[WhiteElo "2294"]
[BlackElo "2451"]
[PlyCount "76"]
[EventDate "2014.09.06"]
[EventType "swiss"]
[EventRounds "5"]
[EventCountry "NZL"]
[SourceDate "2014.09.06"]

1. e4 Nc6 2. Nf3 Nf6 3. e5 Nd5 4. d4 d6 5. c4 Nb6 6. exd6 exd6 7. h3 Be7 8. Nc3
Bf5 9. Be3 O-O 10. Be2 d5 11. c5 Nc4 12. Bf4 Nxb2 13. Qb3 Nd3+ 14. Bxd3 Bxd3
15. Qxb7 Qe8 16. O-O-O Be4 17. Rhe1 Rb8 18. Qa6 Bxf3 19. gxf3 Qd7 20. Qd3 Bf6
21. Be5 Bxe5 22. dxe5 Nb4 23. Qe2 Qc6 24. Qe3 Qa6 25. a4 Qc4 26. Re2 Qb3 27.
Rd4 Qa3+ 28. Kd1 c6 29. Rg4 Qa1+ 30. Kd2 Na2 31. Qd4 Qc1+ 32. Kd3 Nb4+ 33. Qxb4
Rxb4 34. Rxb4 Qh1 35. Re3 Qxh3 36. Rb7 Qf5+ 37. Kd4 Qf4+ 38. Kd3 Qc4+ 0-1

[Event "41st North Shore Open-A"]
[Site "Devonport"]
[Date "2014.09.06"]
[Round "2.3"]
[White "Garbett, Paul A"]
[Black "Johns, Daniel P"]
[Result "1-0"]
[WhiteElo "2362"]
[BlackElo "1923"]
[PlyCount "51"]
[EventDate "2014.09.06"]
[EventType "swiss"]
[EventRounds "5"]
[EventCountry "NZL"]
[SourceDate "2014.09.06"]

1. Nf3 d5 2. c4 e6 3. b3 Nf6 4. g3 Be7 5. Bg2 c5 6. Bb2 Nc6 7. e3 dxc4 8. bxc4
O-O 9. O-O Qc7 10. Qe2 b6 11. Nc3 Bb7 12. Rfd1 Rad8 13. Rac1 Qb8 14. d4 Na5 15.
Nb5 a6 16. Nc3 Ne4 17. Ne5 cxd4 18. Nxe4 Qxe5 19. exd4 Qc7 20. d5 exd5 21. cxd5
Qb8 22. Qg4 g6 23. Bf6 Bxf6 24. Nxf6+ Kg7 25. Qd4 Nc6 26. Ne8+ 1-0

[Event "41st North Shore Open-A"]
[Site "Devonport"]
[Date "2014.09.06"]
[Round "2.4"]
[White "Zhang, Leo"]
[Black "McLaren, Leonard J"]
[Result "1/2-1/2"]
[WhiteElo "2077"]
[BlackElo "2317"]
[PlyCount "80"]
[EventDate "2014.09.06"]
[EventType "swiss"]
[EventRounds "5"]
[EventCountry "NZL"]
[SourceDate "2014.09.06"]

1. d4 Nf6 2. c4 e6 3. Nc3 Bb4 4. Qc2 Nc6 5. Nf3 d6 6. Bd2 O-O 7. a3 Bxc3 8.
Bxc3 a5 9. b3 Qe7 10. g3 e5 11. d5 Nb8 12. e4 Nbd7 13. Bg2 Nc5 14. Nd2 Bd7 15.
O-O Nh5 16. Rae1 b5 17. Re3 Qg5 18. b4 axb4 19. Bxb4 Na6 20. Nf3 Qe7 21. cxb5
Bxb5 22. Rc1 Nf6 23. Bf1 Bxf1 24. Kxf1 Qd7 25. Kg2 Ng4 26. Ree1 f5 27. Qc6 Qf7
28. Rc2 fxe4 29. Ng5 Qh5 30. h4 e3 31. fxe3 Nxb4 32. axb4 Ra3 33. Rc3 Rf2+ 34.
Kg1 Raa2 35. Qxc7 Rg2+ 36. Kh1 Rh2+ 37. Kg1 Rag2+ 38. Kf1 Rf2+ 39. Kg1 Rhg2+
40. Kh1 Rh2+ 1/2-1/2

[Event "41st North Shore Open-A"]
[Site "Devonport"]
[Date "2014.09.06"]
[Round "2.5"]
[White "Zhang, William Jiewen"]
[Black "Browne, Jeremy A"]
[Result "0-1"]
[WhiteElo "1961"]
[BlackElo "2130"]
[PlyCount "74"]
[EventDate "2014.09.06"]
[EventType "swiss"]
[EventRounds "5"]
[EventCountry "NZL"]
[SourceDate "2014.09.06"]

1. d4 e6 2. c4 f5 3. Nf3 Nf6 4. g3 b6 5. Bg2 Bb7 6. O-O Be7 7. b3 c5 8. Ba3 O-O
9. dxc5 bxc5 10. Nc3 Nc6 11. Qd2 Qa5 12. Bb2 Rad8 13. Rfd1 d6 14. Ng5 e5 15.
Ne6 e4 16. Nxd8 Qxd8 17. Bh3 Nd4 18. Na4 Ng4 19. Rab1 Bg5 20. Qe1 e3 21. Bxd4
cxd4 22. f4 Nf2 23. Qf1 Bxf4 24. Rxd4 Be5 25. Rd5 Bxd5 26. cxd5 f4 27. Be6+ Kh8
28. Qg2 fxg3 29. hxg3 Qc7 30. Qf1 Qc2 31. Rc1 Qxa2 32. Rc7 h5 33. Rxa7 Nh3+ 34.
Qxh3 Qb1+ 35. Kh2 Rf2+ 36. Qg2 Rxg2+ 37. Kxg2 Qe1 0-1

[Event "41st North Shore Open-A"]
[Site "Devonport"]
[Date "2014.09.06"]
[Round "2.6"]
[White "Hair, Philip I"]
[Black "Rivas Villanueva, Andrea"]
[Result "1-0"]
[WhiteElo "1926"]
[BlackElo "1938"]
[PlyCount "93"]
[EventDate "2014.09.06"]
[EventType "swiss"]
[EventRounds "5"]
[EventCountry "NZL"]
[SourceDate "2014.09.06"]

1. e4 c5 2. Nc3 Nc6 3. g3 d6 4. Bg2 Nf6 5. d3 e6 6. Nge2 Be7 7. O-O Bd7 8. f4
Rc8 9. h3 Qc7 10. Be3 a6 11. a4 b6 12. Qd2 d5 13. exd5 exd5 14. d4 cxd4 15.
Nxd4 O-O 16. Kh2 Bb4 17. Nxc6 Bxc6 18. Qf2 Bxc3 19. Bxb6 Qd7 20. bxc3 Bxa4 21.
Bd4 Bb5 22. Rfd1 Qf5 23. g4 Qe6 24. Re1 Qd7 25. g5 Ne8 26. Bc5 Nd6 27. Bxd5
Rfe8 28. Bxd6 Qxd6 29. Rxe8+ Rxe8 30. c4 Bd7 31. Rd1 Qg6 32. Rd2 Qf5 33. Bg2 a5
34. c5 Rc8 35. Qd4 g6 36. Qxd7 Qxf4+ 37. Kh1 Rxc5 38. Qe7 Rxg5 39. Rd8+ Kg7 40.
Qf8+ Kf6 41. Qh8+ Ke7 42. Re8+ Kd6 43. Qf8+ Kc7 44. Qe7+ Kb6 45. Qb7+ Kc5 46.
Qc6+ Kd4 47. Re4+ 1-0

[Event "41st North Shore Open-A"]
[Site "Devonport"]
[Date "2014.09.06"]
[Round "2.7"]
[White "Duneas, John"]
[Black "Hart, Ralph"]
[Result "1-0"]
[WhiteElo "2194"]
[BlackElo "2283"]
[PlyCount "71"]
[EventDate "2014.09.06"]
[EventType "swiss"]
[EventRounds "5"]
[EventCountry "NZL"]
[SourceDate "2014.09.06"]

1. d4 d5 2. c4 c6 3. Nc3 e6 4. Nf3 dxc4 5. a4 Bb4 6. Ne5 b5 7. g3 f6 8. Nf3 Bb7
9. Bg2 a6 10. O-O Ne7 11. e4 O-O 12. Bh3 Qd7 13. Qe2 Re8 14. Rd1 Bc8 15. d5 f5
16. dxc6 Qxc6 17. axb5 Qb7 18. exf5 Bxc3 19. bxc3 axb5 20. Rxa8 Qxa8 21. f6 Nd5
22. f7+ Kxf7 23. Ng5+ Kg8 24. Qe4 g6 25. Bf4 Qb7 26. Bxe6+ Bxe6 27. Nxe6 Qf7
28. Rxd5 Nd7 29. Ng5 Nf6 30. Nxf7 Nxe4 31. Nh6+ Kg7 32. Rxb5 g5 33. Bxg5 Nxc3
34. Rc5 Ne4 35. Rc7+ Kg6 36. Be3 1-0

[Event "41st North Shore Open-A"]
[Site "Devonport"]
[Date "2014.09.06"]
[Round "2.8"]
[White "Krstev, Antonio"]
[Black "Macdonald, Paul"]
[Result "0-1"]
[WhiteElo "2130"]
[BlackElo "1977"]
[PlyCount "92"]
[EventDate "2014.09.06"]
[EventType "swiss"]
[EventRounds "5"]
[EventCountry "NZL"]
[SourceDate "2014.09.06"]

1. d4 d6 2. c4 e5 3. e3 e4 4. f3 f5 5. Nc3 Nf6 6. Qc2 Qe7 7. Bd2 c6 8. d5 g6 9.
O-O-O c5 10. Nge2 exf3 11. gxf3 Bg7 12. h4 Nbd7 13. Nf4 Ne5 14. Be2 Bd7 15.
Rdg1 Nf7 16. e4 O-O-O 17. h5 g5 18. exf5 gxf4 19. Rxg7 Rhg8 20. Rhg1 Rxg7 21.
Rxg7 Qf8 22. Rg2 Nxh5 23. Rh2 Qh6 24. b4 Qg5 25. Rxh5 Qxh5 26. bxc5 dxc5 27.
Ne4 b6 28. Bxf4 Qxf5 29. Bg3 Rg8 30. a4 Rxg3 31. Nxg3 Qf4+ 32. Qd2 Qxg3 33. a5
Qg1+ 34. Kc2 Ba4+ 35. Kb2 Qd4+ 36. Qxd4 cxd4 37. axb6 axb6 38. Kc1 Kc7 39. f4
Kd6 40. Bh5 Nh6 41. Kd2 Kc5 42. Be2 Ng8 43. f5 Nf6 44. Bd3 Bb3 45. Be2 Bxc4 46.
d6 Bxe2 0-1

[Event "41st North Shore Open-A"]
[Site "Devonport"]
[Date "2014.09.06"]
[Round "2.9"]
[White "Runcan, Daniel I"]
[Black "McCrone, Jeffrey"]
[Result "0-1"]
[WhiteElo "2046"]
[BlackElo "2073"]
[PlyCount "216"]
[EventDate "2014.09.06"]
[EventType "swiss"]
[EventRounds "5"]
[EventCountry "NZL"]
[SourceDate "2014.09.06"]

1. e4 c5 2. Nc3 Nc6 3. f4 e6 4. Nf3 Be7 5. Bb5 Nd4 6. a4 a6 7. Bc4 Bh4+ 8. Nxh4
Qxh4+ 9. g3 Qd8 10. O-O Ne7 11. e5 d5 12. exd6 Qxd6 13. Ne4 Qc6 14. Ng5 b6 15.
Bd3 f5 16. Be2 h6 17. Bf3 Nxf3+ 18. Nxf3 Bb7 19. Qe2 g5 20. Kf2 gxf4 21. gxf4
Rg8 22. d3 O-O-O 23. Bd2 Rg6 24. Rg1 Rdg8 25. Rxg6 Rxg6 26. b3 Qd5 27. c4 Qd6
28. Rg1 Rxg1 29. Kxg1 Ng6 30. Qe3 a5 31. Kf2 h5 32. Ng5 Kd7 33. Nf3 Qe7 34. Bc3
Qd6 35. Be5 Nxe5 36. Nxe5+ Kc8 37. Ng6 Kd7 38. h4 Kc8 39. Ke2 Bc6 40. Qe5 Kc7
41. Ke3 Be8 42. Qxd6+ Kxd6 43. Ne5 Bc6 44. Kd2 Bg2 45. Kc3 Bc6 46. d4 Be4 47.
Nf7+ Ke7 48. Ng5 Bc6 49. dxc5 bxc5 50. Nh3 e5 51. Kd3 Bg2 52. Ng5 exf4 53. Nh7
Be4+ 54. Kd2 f3 55. Ng5 Kf6 56. Nh3 Ke5 57. Kc3 f4 58. Kd2 Bf5 59. Nf2 Kd4 60.
Nd1 Be6 61. Nf2 Bf5 62. Nd1 Bb1 63. Nc3 f2 64. Nb5+ Ke5 65. Ke2 Bc2 66. Na7 Kd6
67. Nb5+ Kc6 68. Na7+ Kd7 69. Nb5 Bxb3 70. Kxf2 Bxc4 71. Nc3 Bb3 72. Kf3 Kc6
73. Kxf4 Be6 74. Ke5 Bg4 75. Ke4 Bd7 76. Nb5 Kb6 77. Nc3 Bc6+ 78. Ke5 Bxa4 79.
Nxa4+ Kb5 80. Nc3+ Kb4 81. Na2+ Kb3 82. Nc1+ Kc3 83. Ne2+ Kd2 84. Ng3 a4 85.
Ne4+ Kc2 86. Nxc5 a3 87. Ne6 a2 88. Kf5 a1=Q 89. Nf4 Qd1 90. Ng6 Qg4+ 91. Kf6
Kc3 92. Kf7 Kd4 93. Kf6 Kd5 94. Ne7+ Kd6 95. Nf5+ Kd7 96. Ke5 Qg8 97. Kf6 Qg4
98. Ke5 Kc6 99. Nd4+ Kc5 100. Nf5 Kb4 101. Kf6 Kc3 102. Ke5 Kd3 103. Kf6 Ke2
104. Ke5 Kf3 105. Nd4+ Kg3 106. Nf5+ Kh3 107. Kf6 Qxh4+ 108. Nxh4 Kxh4 0-1

[Event "41st North Shore Open-A"]
[Site "Devonport"]
[Date "2014.09.06"]
[Round "2.10"]
[White "Ang, Alphaeus Wei Ern"]
[Black "Lyall, Simon"]
[Result "1/2-1/2"]
[WhiteElo "2060"]
[BlackElo "1841"]
[PlyCount "24"]
[EventDate "2014.09.06"]
[EventType "swiss"]
[EventRounds "5"]
[EventCountry "NZL"]
[SourceDate "2014.09.06"]

1. d4 d5 2. c4 c6 3. Nc3 Nf6 4. Nf3 dxc4 5. e3 b5 6. a4 b4 7. Nb1 Ba6 8. Qc2 b3
9. Qd1 e6 10. Nc3 Nd5 11. Bd2 Nb4 12. Rc1 Nc2+ 1/2-1/2

[Event "41st North Shore Open-A"]
[Site "Devonport"]
[Date "2014.09.06"]
[Round "2.11"]
[White "Fan, Allen Chi Zhou"]
[Black "Milligan, Helen"]
[Result "1/2-1/2"]
[WhiteElo "1879"]
[BlackElo "2048"]
[PlyCount "75"]
[EventDate "2014.09.06"]
[EventType "swiss"]
[EventRounds "5"]
[EventCountry "NZL"]
[SourceDate "2014.09.06"]

1. Nf3 Nf6 2. c4 g6 3. g3 Bg7 4. Bg2 d6 5. O-O O-O 6. Nc3 e5 7. d3 Nc6 8. Rb1
a5 9. a3 Bg4 10. h3 Be6 11. b4 axb4 12. axb4 Qc8 13. Kh2 h6 14. b5 Ne7 15. Qb3
Nd7 16. Ba3 Rb8 17. Bb4 Nc5 18. Bxc5 dxc5 19. Ra1 f5 20. Nd2 Qd7 21. Qc2 Nc8
22. Nb3 b6 23. Ra4 Nd6 24. Bc6 Qe7 25. Ra7 f4 26. Nd5 Bxd5 27. Bxd5+ Kh7 28. g4
e4 29. dxe4 f3 30. exf3 Rxf3 31. Kg2 Rc3 32. Qa2 Nxc4 33. Rc1 Rxc1 34. Nxc1 Nd6
35. Qe2 Rf8 36. Qd3 Nc8 37. Ra8 Nd6 38. Rxf8 1/2-1/2

[Event "41st North Shore Open-A"]
[Site "Devonport"]
[Date "2014.09.06"]
[Round "3.1"]
[White "Garbett, Paul A"]
[Black "Wang, Puchen"]
[Result "0-1"]
[WhiteElo "2362"]
[BlackElo "2456"]
[PlyCount "94"]
[EventDate "2014.09.06"]
[EventType "swiss"]
[EventRounds "5"]
[EventCountry "NZL"]
[SourceDate "2014.09.06"]

1. Nf3 d5 2. c4 d4 3. e3 Nc6 4. b4 dxe3 5. fxe3 Nxb4 6. d4 e6 7. Nc3 Ne7 8. Rb1
Na6 9. Bd3 Ng6 10. O-O Be7 11. Rb5 c5 12. d5 exd5 13. Nxd5 O-O 14. Rb3 Nb4 15.
Nxb4 cxb4 16. Bb2 a5 17. Bd4 Be6 18. Qa1 f6 19. Rbb1 Rc8 20. Rbc1 Bc5 21. Qb1
Bf7 22. Rfd1 Qe7 23. Re1 Rfe8 24. Kf2 b6 25. Kg1 Qd6 26. Kf1 Nf8 27. Bf5 Rc7
28. Red1 Qe7 29. Qd3 Bg6 30. Bxg6 Nxg6 31. Bxc5 Rxc5 32. Qd6 Qxd6 33. Rxd6 b5
34. Nd2 Ne5 35. Rd5 Rec8 36. Rxc5 Rxc5 37. Nb3 Rxc4 38. Rd1 a4 39. Nd4 Kf8 40.
Ke2 Nc6 41. Nxb5 Ke7 42. Rd2 Rc1 43. Nd4 Nxd4+ 44. exd4 Kd6 45. d5 a3 46. Ke3
Rb1 47. Kd3 Rb2 0-1